Revista Direitos Fundamentais & Democracia

Detalles Bibliográficos
Formato: Desconocido
Lenguaje:portugués
Publicado: Brasil : Unibrasil
Materias:
Acceso en línea:Acceso restringido

MARC

LEADER 00000ny a22000003n 4500
005 20110513111359.0
008 071017c19uu9999bl fr pss 0 a0por d
035 |a 4697 
040 |a BUS  |d vLex 
090 |c 1851  |d 1851 
245 3 0 |a Revista Direitos Fundamentais & Democracia  |h [Recurso electrn̤ico] 
256 |a Servicio en ln̕ea 
260 |a Brasil :  |b Unibrasil  
506 1 |a Contenido solo disponible en los productos indicados  |d vLex Global  |d vLex Global (Academic Edition, excluding Law Schools)  |d vLex Global (U.S. Academic Edition, Law Schools)  |d vLex Global (U.S. Academic Edition, excluding Law Schools)  |d vLex Global (Academic Edition, Law Schools) 
650 0 4 |a Democracia  |x Publicaciones perid̤icas 
650 0 4 |a Derecho  |z Brasil  |x Publicaciones perid̤icas 
740 0 |a vLex Revista (Servicios en ln̕ea) 
843 |a Electrn̤ica. Abierta 
853 |8 1  |i (year)  |j (month)  |k (day) 
856 4 0 |u http://vlex.com/source/4697  |z Acceso restringido 
942 |c REV